Silnoprúdové vedenie na elektrické vozidlá

Bibliographic Details
Corporate Authors: Ansaldo Trasporti S.p.A. (Napoli, Taliansko) (Patent holder), Patentservis (Bratislava, Slovensko)
Other Authors: Siciliano, Vito (Originator), Del Naja, Alcide (Originator)
Format: Book
Language:Slovak
PhysicalDescription:13 s. obr. 30 cm
Published: [Banská Bystrica] Úrad priemyselného vlastníctva SR [2007]
Subjects:

MARC

LEADER 00000cam a2200000 a 4500
001 vtls009794185
003 SK-MaSNL
005 20260331205252.0
008 160624s2007 xo a rj f000 0 slo
013 |a 285791  |b SK  |c patent  |d 20070802  |e dátum nadobudnutia účinkov patentu (Vestník ÚPV SR č.: 8/2007)  |d 20070716  |e dátum sprístupnenia patentu 
013 |a 1145-99  |e číslo prihlášky  |d 19980220  |e dátum podania prihlášky  |d 20000516  |e dátum zverejnenia prihlášky (Vestník ÚPV SR č.: 05/2000) 
013 |a TO97A000151  |e číslo prioritnej prihlášky  |d 19970221  |e dátum podania prioritnej prihlášky  |b IT  |e kód krajiny prioritnej prihlášky 
015 |a SNBN2013 
035 |a (SVKBBclas03)vtls000268598 
040 |a SNK  |b slo  |c SNK  |e AACR2 
041 0 |a slo 
044 |a xo  |c SK 
072 7 |a 629  |x Dopravné prostriedky  |2 konspekt 
080 |a 629.423.2  |2 2001 
080 |a 621.337  |2 2001 
080 |a 621.3.052.6  |2 2001 
080 |a 621.315.1/.3  |2 2001 
084 |a B60M 1/00  |2 IPC 
100 1 |a Siciliano, Vito  |4 org  |9 478024 
245 1 0 |a Silnoprúdové vedenie na elektrické vozidlá  |c Vito Siciliano, Alcide Del Naja ; patent. zást. Patentservis Bratislava, a. s. 
260 |a [Banská Bystrica]  |b Úrad priemyselného vlastníctva SR  |c [2007] 
300 |a 13 s.  |b obr.  |c 30 cm 
650 0 7 |a elektrické vozidlá  |2 SNKPH  |9 179609 
650 0 7 |a elektrické vedenia  |2 SNKPH  |9 85871 
650 0 7 |a Electric railcars  |2 SNKPHeng  |9 293514 
650 0 7 |a silnoprúdové vedenie  |2 SVKBBPH  |9 539344 
650 0 7 |a prenos elektrickej energie  |2 SNKPH  |9 69970 
650 0 7 |a Electric conduits  |2 SNKPHeng  |9 333352 
650 0 7 |a Transmission of electric energy  |2 SNKPHeng  |9 338372 
655 7 |a patenty  |2 SNKPH  |9 177343 
655 7 |a patent licenses  |2 SNKPHeng  |9 303430 
700 1 |a Del Naja, Alcide  |4 org  |9 478025 
710 2 |a Ansaldo Trasporti S.p.A. (Napoli, Taliansko)  |4 pth  |9 478026 
710 2 |a Patentservis (Bratislava, Slovensko)  |9 156037 
999 |c 831111  |d 833041 
952 |a SNK  |b SNK  |y PREZ  |7 0  |p 17A1101009  |o snkSK 285791  |i snk2013/29671  |8 0  |0 0  |1 0  |4 0  |d 2013-12-03  |l 0  |r 2026-02-24 03:37:46  |w 2026-02-24